Kilimandžáro - vývoj a premeny pohoria s najvyšším vrchom Afriky
História objavovania pohoria Kilimandžáro. Prírodné podmienky horského masívu. Obyvateľstvo a cestovný ruch na najvyššej hore Afriky.
Gespeichert in:
| 1. Verfasser: | |
|---|---|
| Weitere Verfasser: | , |
| Format: | Buchkapitel |
| Sprache: | Slowakisch |
| Schlagworte: | |
| Tags: |
Keine Tags, Fügen Sie das erste Tag hinzu!
|
MARC
| LEADER | 00000naa a2200000 4500 | ||
|---|---|---|---|
| 001 | 0239710 | ||
| 005 | 20220805075639.9 | ||
| 041 | 0 | |a slo | |
| 044 | |a SK | ||
| 245 | 1 | 0 | |a Kilimandžáro - vývoj a premeny pohoria s najvyšším vrchom Afriky |c Anna Tolmáči, Ladislav Tolmáči, Michal Noga |
| 520 | |a História objavovania pohoria Kilimandžáro. Prírodné podmienky horského masívu. Obyvateľstvo a cestovný ruch na najvyššej hore Afriky. | ||
| 610 | 2 | 0 | |a Afrika |
| 610 | 2 | 0 | |a ruch cestovný |
| 610 | 2 | 0 | |a geografia |
| 100 | 1 | |a Tolmáči, Anna | |
| 700 | 1 | |a Tolmáči, Ladislav | |
| 700 | 1 | |a Noga, Michal | |